000 00520nam a2200157Ia 4500
008 151213s9999 xx 000 0 und d
100 _aঞ.ঝ.ঊষরড়ঃ
245 _aঞযব ঈড়হভরফবহঃরধষ ঈষবৎশ
_cঞ.ঝ.ঊষরড়ঃ
250 _a১ম সং
260 _aখড়হফড়হ
_bঋধনবৎ ধহফ ঋধনবৎ
_c1955
300 _a4443 p.
650 _aBangla
650 _aপ্লে
700 _aঞ.ঝ.ঊষরড়ঃ
999 _c2818
_d2818